Normal view
MARC view
- Tariq M.Sharif
Entry Personal Name
001 - CONTROL NUMBER
- control field: 108744
003 - CONTROL NUMBER IDENTIFIER
- control field: NUST
005 - DATE AND TIME OF LATEST TRANSACTION
- control field: 20230208144114.0
008 - FIXED-LENGTH DATA ELEMENTS
- fixed length control field: 230208|| aca||aabn | a|a d
040 ## - CATALOGING SOURCE
- Original cataloging agency: NUST
- Transcribing agency: NUST
100 ## - HEADING--PERSONAL NAME
- Personal name: Tariq M.Sharif
670 ## - SOURCE DATA FOUND
- Source citation: Work cat.: (NUST)186942: Tariq M.Sharif, Kashmir in Strangulation /
